| 000 | 00772nac a22002291u 4500 | ||
|---|---|---|---|
| 008 | 091115t xxu||||| |||| 00| 0 eng d | ||
| 010 | _a 86211107 | ||
| 020 | _a1555630014 | ||
| 020 | _a9781555630010 | ||
| 082 | 0 | 0 |
_a622.3381 _bDRI _222 |
| 100 |
_a20080729 _99357 |
||
| 245 | 0 | 0 |
_aApplied Drilling Engineering / _cAdam T. Bourgoyne, Jr. ... [et al.]. |
| 260 |
_aRichardson, TX : _bSociety of Petroleum Engineers,1986 _c1986. |
||
| 300 |
_a502 p. : _bill. ; _c29 cm. |
||
| 490 | 1 |
_aSPE textbook series ; _vvol. 2 |
|
| 504 | _aIncludes bibliographies and indexes. | ||
| 650 | 0 |
_aOil well drilling. _99358 _2BUEsh |
|
| 651 | _2BUEsh | ||
| 700 | 1 |
_aBourgoyne, Adam T. _99359 |
|
| 830 | 0 |
_aSPE textbook series ; _99360 |
|
| 942 |
_cBB _k622.3381 DRI _2ddc |
||
| 999 |
_c3879 _d3879 |
||